000 00508nam a22001817a 4500
005 20251108171041.0
008 250721s1982 xx 000 0 ara d
082 1 4 _a414.2/حسن
100 1 _aباجودة، حسن محمد
245 1 0 _aتأملات في سورة العاديات /
264 1 _aتونس :
_bدار أبو سلامة،
_c1982.
300 _a36ص
650 1 7 _aاللغة العربية
650 1 7 _aالبلاغة
650 1 7 _aالبيان
942 _2ddc
_cBK
999 _c55317
_d55317